000 00932nam a22001937a 4500
999 _c63058
_d63058
003 Ge_BSU
005 20250528103706.0
008 250528s2024 ge ||||| |||| 00| 0 geo d
020 _a9789941865985
041 _ageo
080 _a32.019.5 ბ-51
100 _aბერნეისი, ედუარდ
_925140
245 _aპროპაგანდა :
_b(შეხედულებით მანიპულირება დემოკრატიის პირობებში) /
_c ედუარდ ბერნეისი ; მთარგმნელი დიმიტრი უჩანეიშვილი.
264 _aთბილისი :
_bაქტი,
_c2024.
300 _a168 გვ. ;
_b20 სმ.
653 _aპროპაგანდა
700 _aუჩანეიშვილი, დიმიტრი
_eმთარგმნელი
_913895
942 _2udc
_cᲬᲘᲒᲜᲘ